000
00231nam a2200097Ia 4500
005
20251222114345.0
008
251222s1900||||xx |||||||||||||| ||spa||
082
_a
DVD0070/F29/1964
245
0
_a
Crónica de un niño solo:
942
_c
DVD
999
_c
1008
_d
1008